000 00570nam a22002057a 4500
003 OSt
005 20140310181718.0
008 130226t xxu||||| |||| 00| 0 eng d
020 _a9780825162701
050 _aLB 1631
_b.P949 2007
082 _aTR 375.428
_bP949 2007
100 _aPriest, Nora
_9525
245 _aExpeditions in your classroom English language arts /
_cNora Priest
260 _aPortland, ME :
_bJ. Weston Walch,
_c2007.
300 _a180 p.
_c26 cm
_bill. ;
521 _aFaculty
541 _j1
562 _e1
942 _2lcc
_cBK-TR
_kTR
999 _c1882
_d1882